<?xml version="1.0" encoding="UTF-8"?><?xml-stylesheet type="text/xsl" href="static/style.xsl"?><OAI-PMH xmlns="http://www.openarchives.org/OAI/2.0/" xmlns:xsi="http://www.w3.org/2001/XMLSchema-instance" xsi:schemaLocation="http://www.openarchives.org/OAI/2.0/ http://www.openarchives.org/OAI/2.0/OAI-PMH.xsd"><responseDate>2026-06-06T05:01:30Z</responseDate><request verb="GetRecord" identifier="oai:riuma.uma.es:10630/26014" metadataPrefix="marc">https://riuma.uma.es/rest/oai/request</request><GetRecord><record><header><identifier>oai:riuma.uma.es:10630/26014</identifier><datestamp>2026-02-03T10:19:56Z</datestamp><setSpec>com_10630_1685</setSpec><setSpec>col_10630_38055</setSpec></header><metadata><record xmlns="http://www.loc.gov/MARC21/slim" xmlns:dcterms="http://purl.org/dc/terms/" xmlns:doc="http://www.lyncode.com/xoai" xmlns:xsi="http://www.w3.org/2001/XMLSchema-instance" xsi:schemaLocation="http://www.loc.gov/MARC21/slim http://www.loc.gov/standards/marcxml/schema/MARC21slim.xsd">
   <leader>00925njm 22002777a 4500</leader>
   <datafield ind2=" " ind1=" " tag="042">
      <subfield code="a">dc</subfield>
   </datafield>
   <datafield ind2=" " ind1=" " tag="720">
      <subfield code="a">Cabañas Zurita, Antonio</subfield>
      <subfield code="e">author</subfield>
   </datafield>
   <datafield ind2=" " ind1=" " tag="260">
      <subfield code="c">2022-12</subfield>
   </datafield>
   <datafield ind2=" " ind1=" " tag="520">
      <subfield code="a">Este trabajo de fin de grado se centra en el desarrollo de una aplicación web que cubre&#xd;
las necesidades que los servicios de emergencia demandan para monitorizar las&#xd;
residencias de ancianos en situaciones de emergencia. El objetivo, en este sentido, es&#xd;
ofrecer una solución eficiente y adecuada para la necesidad a la que se quiere dar&#xd;
respuesta. En el proyecto se han marcado diferentes objetivos, la calidad del servicio,&#xd;
en relación con los usuarios que la usan, comunicación, gestión y productividad&#xd;
eficientes. Para el diseño de la aplicación se ha utilizado el patrón MVVM (ModeloVista-VistaModelo) para poder resolver y superar los retos establecidos. Las&#xd;
tecnologías utilizadas para el desarrollo front-end han sido Angular, TypeScript,&#xd;
HTML5, CSS para el back-end del sistema han sido PHP, Python o MySQL. Además, se&#xd;
han hecho uso de diferentes técnicas y algoritmos computacionales para resolver la&#xd;
lógica de la aplicación. Por ejemplo, la resolución de identificación segura de usuarios&#xd;
o la geolocalización de este. En general, este proyecto trata de incorporar las técnicas&#xd;
más actuales y eficaces para un desarrollo profesional y completo. También se busca&#xd;
hacer un sistema seguro que permita ser usado en entornos modernos, no solo para&#xd;
este sistema sino para cualquier otro que se implemente.</subfield>
   </datafield>
   <datafield ind1="8" ind2=" " tag="024">
      <subfield code="a">https://hdl.handle.net/10630/26014</subfield>
   </datafield>
   <datafield tag="653" ind2=" " ind1=" ">
      <subfield code="a">Aplicaciones informáticas</subfield>
   </datafield>
   <datafield tag="653" ind2=" " ind1=" ">
      <subfield code="a">Gestión de emergencias</subfield>
   </datafield>
   <datafield tag="653" ind2=" " ind1=" ">
      <subfield code="a">Residencias de ancianos</subfield>
   </datafield>
   <datafield tag="653" ind2=" " ind1=" ">
      <subfield code="a">Informática - Trabajos Fin de Grado</subfield>
   </datafield>
   <datafield tag="653" ind2=" " ind1=" ">
      <subfield code="a">Grado en Ingeniería Informática - Trabajos Fin de Grado</subfield>
   </datafield>
   <datafield ind2="0" ind1="0" tag="245">
      <subfield code="a">Aplicación para la monitorización de residencias de ancianos en situaciones de riesgo</subfield>
   </datafield>
</record>
</metadata></record></GetRecord></OAI-PMH>